000 00435nam a2200169Ia 4500
003 GCL
008 140319s9999 xx 000 0 ara d
040 _aGCL /
_cGCL
082 0 4 _a813.02
_bر ح
100 1 _aرمسيس لبيب
245 1 0 _aالجنون وقصص اخرى /
_cرمسيس لبيب
300 _a112 ص
490 _a
650 0 4 _aالادب العربى
650 0 4 _aالقصص القصيرة
942 _2ddc
_cBK
999 _c38207
_d38207